[Event "Mitropa Cup (Women)"]
[Site "Apolda"]
[Date "2024.02.23"]
[Round "9.20"]
[White "Dolzhikova, Kateryna"]
[Black "Fizerova, Lucie"]
[Result "1-0"]
[WhiteElo "2255"]
[BlackElo "1816"]
[PlyCount "95"]
[EventDate "2024.02.15"]
[EventType "team-tourn"]
[EventRounds "9"]
[EventCountry "GER"]
[SourceTitle "CB09_2024"]
[SourceDate "2024.02.28"]
[SourceVersion "1"]
[SourceVersionDate "2024.02.28"]
[SourceQuality "1"]
[WhiteTeam "Germany (W)"]
[BlackTeam "Czech Republic (W)"]
[WhiteTeamCountry "GER"]
[BlackTeamCountry "CZE"]

1. e4 e5 2. Nc3 Nf6 3. g3 Bc5 4. Bg2 0-0 5. Nge2 Nc6 6. 0-0 d6 7. Na4 Bb6 8. Nxb6 axb6 9. d4 exd4 10. Nxd4 Nxd4 11. Qxd4 h6 12. b3 Be6 13. c4 Qd7 14. Bxh6 Bh3 15. Bg5 Bxg2 16. Kxg2 Nh7 17. Bd2 Rfe8 18. a4 Nf6 19. f3 Re6 20. h4 Rae8 21. Rae1 Qc6 22. Bc3 Qd7 23. Rh1 c5 24. Qd2 Nh7 25. h5 Qe7 26. h6 g6 27. Bb2 f6 28. b4 Ra8 29. a5 bxa5 30. bxa5 Nf8 31. Bc3 Kh7 32. Qd5 Ra6 33. Rb1 Ra7 34. Rb2 Qf7 35. Rhb1 Re7 36. Qxd6 Ne6 37. Qb8 b6 38. Rxb6 Nd4 39. Qd6 Qxc4 40. Qxf6 Qf7 41. Bxd4 cxd4 42. Qxf7+ Rxf7 43. a6 Kxh6 44. Rb7 d3 45. Kf2 d2 46. Ke2 Rd7 47. Rxa7 Rxa7 48. Ra1 1-0

[Event "Skalica op-B"]
[Site "Skalica"]
[Date "2023.08.27"]
[Round "9"]
[White "Fizerova, Lucie"]
[Black "Hrubsa, Marian"]
[Result "0-1"]
[WhiteElo "1852"]
[BlackElo "1754"]
[PlyCount "166"]
[EventDate "2023.08.19"]
[EventType "swiss"]
[EventRounds "9"]
[EventCountry "SVK"]
[SourceTitle "CBM 215 Extra"]
[Source "ChessBase"]
[SourceDate "2023.09.30"]
[SourceVersion "1"]
[SourceVersionDate "2023.09.30"]
[SourceQuality "1"]

1. e4 e6 2. Qe2 Nc6 3. Nf3 g6 4. g3 Bg7 5. Bg2 Nf6 6. 0-0 0-0 7. d4 b6 8. c3 a5 9. Nbd2 Ba6 10. c4 d5 11. e5 Nd7 12. b3 Nb4 13. a3 Nc6 14. Bb2 Na7 15. Rac1 c5 16. Rfd1 Nc6 17. Qe1 Nxd4 18. Nxd4 cxd4 19. Bxd4 Bb7 20. cxd5 exd5 21. f4 Re8 22. Qf2 Bf8 23. Nb1 Nc5 24. Rc3 Ne4 25. Bxe4 dxe4 26. Rcc1 Qd5 27. Qe3 Red8 28. Kf2 Rac8 29. Rxc8 Rxc8 30. Ke1 Bc5 31. Bxc5 Qxc5 32. Qxc5 Rxc5 33. e6 fxe6 34. Rd8+ Kf7 35. Rd7+ Kf6 36. Rxb7 Rc1+ 37. Ke2 Rxb1 38. Rxb6 a4 39. b4 Rb3 40. Ra6 Rxa3 41. Ra7 h5 42. b5 Kf5 43. b6 Rb3 44. Rxa4 Rxb6 45. Ra5+ Kf6 46. Ke3 Rb2 47. Kxe4 Rxh2 48. Kf3 Rd2 49. Ke4 Rd5 50. Ra6 Rb5 51. Ra3 Rb1 52. Rc3 Re1+ 53. Kf3 Kf5 54. Rc5+ Kf6 55. Rc6 Rh1 56. Kg2 Rd1 57. Rc5 Rd5 58. Rc3 Kf5 59. Kf3 e5 60. fxe5 Rxe5 61. Rc4 Ra5 62. Rb4 Ra3+ 63. Kg2 Ra2+ 64. Kf3 Ra1 65. Rb5+ Kf6 66. Rb6+ Kg7 67. Kg2 Ra5 68. Kf3 Rf5+ 69. Kg2 Kh6 70. Ra6 Kg5 71. Ra4 Rb5 72. Rc4 Kf5 73. Rf4+ Ke5 74. Ra4 g5 75. Kf2 g4 76. Rc4 Rb2+ 77. Kg1 Rd2 78. Ra4 Rd4 79. Ra3 Ke4 80. Kf2 Rd2+ 81. Ke1 Rd3 82. Rxd3 Kxd3 83. Kf2 Kd2 0-1

[Event "Skalica op-B"]
[Site "Skalica"]
[Date "2023.08.26"]
[Round "8"]
[White "Svoboda, Daniel"]
[Black "Fizerova, Lucie"]
[Result "1/2-1/2"]
[WhiteElo "1746"]
[BlackElo "1852"]
[PlyCount "74"]
[EventDate "2023.08.19"]
[EventType "swiss"]
[EventRounds "9"]
[EventCountry "SVK"]
[SourceTitle "CBM 215 Extra"]
[Source "ChessBase"]
[SourceDate "2023.09.30"]
[SourceVersion "1"]
[SourceVersionDate "2023.09.30"]
[SourceQuality "1"]

1. e4 c5 2. Nf3 d6 3. d4 cxd4 4. Nxd4 Nf6 5. Nc3 Nc6 6. Bg5 e6 7. Qd2 Bd7 8. Ndb5 Qa5 9. Bxf6 gxf6 10. Nxd6+ Bxd6 11. Qxd6 Rd8 12. Qf4 Qe5 13. Qxe5 Nxe5 14. 0-0-0 a6 15. h3 Ke7 16. f4 Ng6 17. g3 Bc6 18. Bg2 Rhg8 19. Bf3 Nf8 20. Rhg1 Nd7 21. Rde1 Nc5 22. Nd5+ Bxd5 23. exd5 b6 24. Re3 a5 25. dxe6 fxe6 26. Bg4 Rd6 27. Rge1 Kf7 28. a3 a4 29. Be2 f5 30. g4 fxg4 31. Bxg4 Rc8 32. Kb1 Kf6 33. b4 axb3 34. cxb3 Re8 35. b4 Nd3 36. Rd1 Red8 37. Bxe6 Nxf4 1/2-1/2

[Event "Piestany op-B"]
[Site "Piestany"]
[Date "2023.07.12"]
[Round "2"]
[White "Papp, Gabor3333"]
[Black "Fizerova, Lucie"]
[Result "1/2-1/2"]
[WhiteElo "1669"]
[BlackElo "1868"]
[PlyCount "137"]
[EventDate "2023.07.11"]
[EventType "swiss"]
[EventRounds "9"]
[EventCountry "SVK"]
[SourceTitle "EXT 2024"]
[Source "ChessBase"]
[SourceDate "2023.10.10"]
[SourceVersion "1"]
[SourceVersionDate "2023.10.10"]
[SourceQuality "1"]

1. d4 d5 2. c4 dxc4 3. Nf3 Nf6 4. e3 e6 5. Bxc4 c5 6. 0-0 a6 7. a4 Nc6 8. Nc3 cxd4 9. exd4 Nb4 10. Bg5 Be7 11. Re1 0-0 12. Ne5 h6 13. Be3 Bd7 14. Qd2 Nh7 15. Ne4 Rc8 16. Nc5 Be8 17. Qxb4 b6 18. Bxa6 bxc5 19. dxc5 Rb8 20. Bb5 Qc7 21. Nd3 Bxb5 22. axb5 Qd7 23. Qc4 Qxb5 24. Qxb5 Rxb5 25. b4 Nf6 26. Ra5 Rfb8 27. Rxb5 Rxb5 28. Ra1 Nd5 29. Ra5 Nc3 30. Rxb5 Nxb5 31. Kf1 Kf8 32. Ke2 Ke8 33. Kd2 Bf6 34. Nf4 Bc3+ 35. Kd3 Kd7 36. Kc4 Kc6 37. Ne2 Bf6 38. Nd4+ Bxd4 39. Bxd4 f6 40. f3 Na3+ 41. Kb3 Nb5 42. Kc4 Na3+ 43. Kd3 Kd5 44. Bc3 Nb5 45. Bd2 e5 46. Ke2 h5 47. Kf2 Nd4 48. Kg3 g5 49. Be3 Nc2 50. Bd2 Nd4 51. Be1 Kc4 52. Kf2 Kd5 53. Ke3 Nc2+ 54. Ke2 Nd4+ 55. Kd3 h4 56. Kc3 f5 57. Kd3 h3 58. gxh3 Nxf3 59. Bf2 e4+ 60. Ke2 f4 61. b5 Nxh2 62. c6 Kd6 63. Bb6 Nf3 64. Kf2 Ne5 65. Bd8 Nf7 66. Ba5 Ne5 67. c7 Kd7 68. b6 Kc8 69. Bc3 1/2-1/2

[Event "Ceske Budejovice op-A"]
[Site "Ceske Budejovice"]
[Date "2023.07.08"]
[Round "8"]
[White "Svanda, Radek"]
[Black "Fizerova, Lucie"]
[Result "1/2-1/2"]
[WhiteElo "1747"]
[BlackElo "1868"]
[PlyCount "42"]
[EventDate "2023.07.01"]
[EventType "swiss"]
[EventRounds "9"]
[EventCountry "CZE"]
[SourceTitle "CBM 215 Extra"]
[Source "ChessBase"]
[SourceDate "2023.09.30"]
[SourceVersion "1"]
[SourceVersionDate "2023.09.30"]
[SourceQuality "1"]

1. c4 c5 2. Nc3 Nc6 3. g3 g6 4. Bg2 Bg7 5. e4 d6 6. Nge2 Nf6 7. d3 0-0 8. 0-0 Ne8 9. Be3 Nd4 10. Rb1 a5 11. Bxd4 cxd4 12. Nb5 Qb6 13. a4 Nc7 14. Nf4 Nxb5 15. axb5 e6 16. h3 Bd7 17. Kh2 Bh6 18. Ne2 e5 19. Ra1 Qd8 20. Qe1 b6 21. f4 f6 1/2-1/2

[Event "Pobeskydy Talents op 42nd"]
[Site "Frydek Mistek"]
[Date "2023.04.09"]
[Round "7"]
[White "Stepan, Patrik"]
[Black "Fizerova, Lucie"]
[Result "1-0"]
[WhiteElo "2246"]
[BlackElo "1854"]
[PlyCount "91"]
[EventDate "2023.04.06"]
[EventType "swiss"]
[EventRounds "9"]
[EventCountry "CZE"]
[SourceTitle "EXT 2024"]
[Source "ChessBase"]
[SourceDate "2023.10.10"]
[SourceVersion "1"]
[SourceVersionDate "2023.10.10"]
[SourceQuality "1"]

1. Nf3 c5 2. c4 Nc6 3. g3 g6 4. Bg2 Bg7 5. 0-0 e5 6. Nc3 Nge7 7. d3 0-0 8. e4 d6 9. a3 a5 10. Nh4 Nd4 11. f4 Rb8 12. fxe5 dxe5 13. Bg5 f6 14. Be3 Be6 15. Kh1 Nec6 16. Rc1 Qd7 17. Rf2 b6 18. Qf1 Rb7 19. Nd5 Qd8 20. Bh3 Rbf7 21. Bxe6 Nxe6 22. Rb1 Ne7 23. b4 Nxd5 24. cxd5 Nd4 25. bxc5 bxc5 26. Nf3 f5 27. Ng5 Rc7 28. Qe1 h6 29. Bxd4 hxg5 30. Bc3 Qa8 31. Rb6 c4 32. Rxg6 cxd3 33. Bxe5 Qe8 34. Rxg7+ Rxg7 35. Bxg7 Kxg7 36. Qc3+ Kg8 37. e5 Qb5 38. Qd4 Rd8 39. d6 Qc6+ 40. Kg1 Qc1+ 41. Rf1 Qc8 42. Qd5+ Kg7 43. e6 Qb8 44. e7 Qb6+ 45. Kh1 Rxd6 46. e8N+ 1-0

[Event "CZE-ch U20 Girls"]
[Site "Jaromerice nad Rokytnou"]
[Date "2023.03.18"]
[Round "9"]
[White "Fizerova, Lucie"]
[Black "Trasakova, Adela"]
[Result "1/2-1/2"]
[WhiteElo "1808"]
[BlackElo "1894"]
[PlyCount "123"]
[EventDate "2023.03.11"]
[EventType "tourn"]
[EventRounds "9"]
[EventCountry "CZE"]
[SourceTitle "CBM 213 Extra"]
[Source "ChessBase"]
[SourceDate "2023.05.31"]
[SourceVersion "1"]
[SourceVersionDate "2023.05.31"]
[SourceQuality "1"]

1. e4 c6 2. d4 d5 3. f3 dxe4 4. fxe4 e5 5. Nf3 Bg4 6. c3 Nd7 7. Bd3 Ngf6 8. 0-0 Qc7 9. Be3 Bd6 10. h3 Bh5 11. Nbd2 exd4 12. cxd4 Bf4 13. Qe2 Bxe3+ 14. Qxe3 0-0 15. Nh4 Bg6 16. Nxg6 hxg6 17. Bc4 c5 18. Rac1 cxd4 19. Qxd4 Qe5 20. Qxe5 Nxe5 21. Nf3 Nxc4 22. Rxc4 Rac8 23. Rfc1 Rxc4 24. Rxc4 Re8 25. e5 Nd5 26. Rd4 Rd8 27. Ng5 Rd7 28. e6 fxe6 29. Nxe6 Nf6 30. Rxd7 Nxd7 31. Kf2 Ne5 32. Ke2 b6 33. b3 Kf7 34. Nd4 a6 35. Ke3 Kf6 36. Ke4 g5 37. Nf5 Nd7 38. Ne3 Ke6 39. Nd5 Kd6 40. Nb4 a5 41. Nc2 Nc5+ 42. Kf5 Ne6 43. Ne1 b5 44. g3 a4 45. bxa4 bxa4 46. Nf3 a3 47. Nd2 Nd4+ 48. Kxg5 Ke7 49. Kg6 Kf8 50. Nc4 Nb5 51. g4 Kg8 52. h4 Nc3 53. Nxa3 Nxa2 54. h5 Nc3 55. h6 gxh6 56. Kxh6 Ne4 57. Nc4 Nf6 58. g5 Nh7 59. g6 Nf8 60. g7 Ne6 61. Ne5 Nxg7 62. Ng6 1/2-1/2

[Event "CZE-ch U20 Girls"]
[Site "Jaromerice nad Rokytnou"]
[Date "2023.03.16"]
[Round "7"]
[White "Fizerova, Lucie"]
[Black "Nagyova, Daniela"]
[Result "1-0"]
[WhiteElo "1808"]
[BlackElo "1900"]
[PlyCount "81"]
[EventDate "2023.03.11"]
[EventType "tourn"]
[EventRounds "9"]
[EventCountry "CZE"]
[SourceTitle "CBM 213 Extra"]
[Source "ChessBase"]
[SourceDate "2023.05.31"]
[SourceVersion "1"]
[SourceVersionDate "2023.05.31"]
[SourceQuality "1"]

1. c4 e6 2. Nc3 d5 3. d4 Nf6 4. Bg5 Be7 5. e3 h6 6. Bh4 0-0 7. Nf3 Re8 8. cxd5 exd5 9. Bd3 c6 10. 0-0 Nbd7 11. Qc2 Nf8 12. a3 Nh5 13. Bxe7 Qxe7 14. b4 a6 15. Rfb1 Bg4 16. Ne5 Be6 17. Na4 Nd7 18. Nxd7 Bxd7 19. Nb6 Rab8 20. a4 Nf6 21. b5 axb5 22. axb5 Ne4 23. Bxe4 dxe4 24. bxc6 Bxc6 25. d5 Bd7 26. Qc7 Bf5 27. d6 Qe5 28. Rc1 Red8 29. Rd1 Bg4 30. Rd4 Qg5 31. Qe7 Qxe7 32. dxe7 Rxd4 33. exd4 f6 34. d5 Kf7 35. h3 Be2 36. d6 Ba6 37. Ra4 f5 38. Ra5 g6 39. Re5 Bb5 40. Rxb5 Ke6 41. Re5+ 1-0

[Event "CZE-ch U20 Girls"]
[Site "Jaromerice nad Rokytnou"]
[Date "2023.03.15"]
[Round "6"]
[White "Nespora, Tatana"]
[Black "Fizerova, Lucie"]
[Result "0-1"]
[WhiteElo "1550"]
[BlackElo "1808"]
[PlyCount "50"]
[EventDate "2023.03.11"]
[EventType "tourn"]
[EventRounds "9"]
[EventCountry "CZE"]
[SourceTitle "CBM 213 Extra"]
[Source "ChessBase"]
[SourceDate "2023.05.31"]
[SourceVersion "1"]
[SourceVersionDate "2023.05.31"]
[SourceQuality "1"]

1. e4 c5 2. Nf3 d6 3. d4 cxd4 4. Nxd4 Nf6 5. Nc3 Nc6 6. Bg5 e6 7. f3 Bd7 8. Qd2 a6 9. 0-0-0 b5 10. Nxc6 Bxc6 11. Ne2 Qc7 12. Kb1 Be7 13. h4 h6 14. Be3 d5 15. exd5 Nxd5 16. Bf2 Rd8 17. Nd4 e5 18. Nxc6 Nc3+ 19. bxc3 Rxd2 20. Rxd2 Qxc6 21. Rd1 Qxc3 22. Rd3 Qc6 23. Be2 0-0 24. Rhd1 Rc8 25. R3d2 Qc3 0-1

[Event "CZE-ch U20 Girls"]
[Site "Jaromerice nad Rokytnou"]
[Date "2023.03.11"]
[Round "1"]
[White "Fizerova, Lucie"]
[Black "Stastna, Martina"]
[Result "1/2-1/2"]
[WhiteElo "1808"]
[BlackElo "1919"]
[PlyCount "60"]
[EventDate "2023.03.11"]
[EventType "tourn"]
[EventRounds "9"]
[EventCountry "CZE"]
[SourceTitle "CBM 213 Extra"]
[Source "ChessBase"]
[SourceDate "2023.05.31"]
[SourceVersion "1"]
[SourceVersionDate "2023.05.31"]
[SourceQuality "1"]

1. Nf3 e6 2. g3 d5 3. Bg2 c5 4. 0-0 Nf6 5. d3 Nc6 6. Nbd2 Be7 7. e4 dxe4 8. dxe4 0-0 9. Qe2 b6 10. Rd1 Qc7 11. Nc4 Ba6 12. b3 Rad8 13. Bb2 e5 14. c3 Rxd1+ 15. Rxd1 Rd8 16. Rxd8+ Qxd8 17. Nfd2 Ne8 18. Qe1 Bg5 19. Ne3 Bxe3 20. Qxe3 Qd3 21. Qxd3 Bxd3 22. Bf1 Bxf1 23. Nxf1 Nd6 24. f3 f6 25. Kf2 Kf7 26. Ne3 Ke6 27. Bc1 Ne7 28. Ke2 Nf7 29. Kd3 Nd6 30. Ke2 Nf7 1/2-1/2

[Event "Kezmarok op"]
[Site "Kezmarok"]
[Date "2022.09.25"]
[Round "2"]
[White "Fizerova, Lucie"]
[Black "Rakovsky, Jakub"]
[Result "1-0"]
[WhiteElo "1779"]
[BlackElo "2012"]
[PlyCount "93"]
[EventDate "2022.09.24"]
[EventType "swiss"]
[EventRounds "9"]
[EventCountry "SVK"]
[SourceTitle "CBM 210 Extra"]
[Source "ChessBase"]
[SourceDate "2022.11.30"]
[SourceVersion "1"]
[SourceVersionDate "2022.11.30"]
[SourceQuality "1"]

1. c4 e5 2. Nc3 Nf6 3. g3 d5 4. cxd5 Nxd5 5. Bg2 Nb6 6. Nf3 Nc6 7. 0-0 Be7 8. d3 Be6 9. Be3 0-0 10. a4 f5 11. a5 Nd7 12. a6 Rb8 13. Ne1 f4 14. Bd2 Nd4 15. axb7 c6 16. e3 f3 17. exd4 fxg2 18. Nxg2 exd4 19. Ne2 Ne5 20. Nef4 Bd5 21. Nxd5 Qxd5 22. Nf4 Nf3+ 23. Kh1 Rxf4 24. Bxf4 Rxb7 25. Qe2 Kf7 26. Qe4 Qxe4 27. dxe4 Rxb2 28. Rxa7 Re2 29. Rc7 Rxe4 30. Rxc6 d3 31. Rc3 g5 32. Rxd3 Nxh2 33. Kxh2 gxf4 34. gxf4 Rxf4 35. Kg3 Rf6 36. Re1 Rg6+ 37. Kf3 Rf6+ 38. Kg2 Rg6+ 39. Rg3 Bd6 40. Rxg6 hxg6 41. Kf3 Kf6 42. Kg4 g5 43. Rb1 Bf4 44. Rb6+ Ke5 45. Rb5+ Kf6 46. Rf5+ Kg6 47. Rxf4 1-0

[Event "Skalica op-B"]
[Site "Skalica"]
[Date "2022.08.28"]
[Round "9"]
[White "Sevcik, Matej"]
[Black "Fizerova, Lucie"]
[Result "1/2-1/2"]
[WhiteElo "1841"]
[BlackElo "1679"]
[PlyCount "62"]
[EventDate "2022.08.20"]
[EventType "swiss"]
[EventRounds "9"]
[EventCountry "SVK"]
[SourceTitle "CBM 209 Extra"]
[Source "ChessBase"]
[SourceDate "2022.09.30"]
[SourceVersion "1"]
[SourceVersionDate "2022.09.30"]
[SourceQuality "1"]

1. d4 d5 2. c4 dxc4 3. e3 e6 4. Bxc4 Nf6 5. Nf3 c5 6. 0-0 a6 7. e4 b5 8. Bd3 Be7 9. e5 Nd5 10. dxc5 Bxc5 11. a4 b4 12. Bg5 Be7 13. Bxe7 Qxe7 14. Nbd2 0-0 15. Ne4 Nd7 16. a5 Bb7 17. Re1 Nf4 18. Bf1 Rfd8 19. Qd6 Qe8 20. Qxb4 Rab8 21. Nd6 Nd5 22. Qh4 Qe7 23. Qxe7 Nxe7 24. Nxb7 Rxb7 25. Bxa6 Rxb2 26. Red1 Nd5 27. Bc4 Nc5 28. a6 Ra8 29. Rd2 Rxd2 30. Nxd2 Nb4 31. Kf1 Ncxa6 1/2-1/2

[Event "Skalica op-B"]
[Site "Skalica"]
[Date "2022.08.24"]
[Round "5"]
[White "Zajicek, Ferdinand"]
[Black "Fizerova, Lucie"]
[Result "1/2-1/2"]
[WhiteElo "1679"]
[BlackElo "1679"]
[PlyCount "74"]
[EventDate "2022.08.20"]
[EventType "swiss"]
[EventRounds "9"]
[EventCountry "SVK"]
[SourceTitle "CBM 209 Extra"]
[Source "ChessBase"]
[SourceDate "2022.09.30"]
[SourceVersion "1"]
[SourceVersionDate "2022.09.30"]
[SourceQuality "1"]

1. e4 e5 2. Nf3 Nc6 3. Nc3 Bc5 4. Bc4 Nf6 5. h3 d6 6. d3 h6 7. a3 a6 8. Be3 Bxe3 9. fxe3 0-0 10. 0-0 Be6 11. Ba2 Bxa2 12. Nxa2 d5 13. exd5 Nxd5 14. Qe2 Qe7 15. Rf2 e4 16. Nd4 Nxd4 17. exd4 exd3 18. Qxd3 Rae8 19. Nc3 Nxc3 20. Qxc3 c6 21. Qf3 Qd6 22. c3 Re6 23. Raf1 Rf6 24. Qe4 Re6 25. Qg4 Rg6 26. Qf4 Qe6 27. Qf5 Qe3 28. Qf3 Rg3 29. Qxe3 Rxe3 30. Rf3 Re2 31. R1f2 Re1+ 32. Kh2 f6 33. Rd2 Rfe8 34. Kg3 Kf7 35. Kf2 R8e7 36. Rfd3 R1e4 37. Rc2 Rf4+ 1/2-1/2

[Event "Krakow Malopolski Cup"]
[Site "Krakow"]
[Date "2022.08.08"]
[Round "8"]
[White "Fizerova, Lucie"]
[Black "Kuczmik, Pawel"]
[Result "1-0"]
[WhiteElo "1679"]
[BlackElo "1426"]
[PlyCount "97"]
[EventDate "2022.08.04"]
[EventType "swiss"]
[EventRounds "9"]
[EventCountry "POL"]
[SourceTitle "CBM 209 Extra"]
[Source "ChessBase"]
[SourceDate "2022.09.30"]
[SourceVersion "1"]
[SourceVersionDate "2022.09.30"]
[SourceQuality "1"]

1. e4 e6 2. d4 d5 3. Bd3 dxe4 4. Bxe4 Nf6 5. Bf3 c5 6. c3 Nc6 7. Ne2 Be7 8. 0-0 0-0 9. dxc5 Ne5 10. Nd4 Bxc5 11. Bf4 Bxd4 12. cxd4 Nxf3+ 13. gxf3 Nd5 14. Bg3 b6 15. Nc3 Bb7 16. Re1 h5 17. h4 Rc8 18. Ne4 f5 19. Ng5 f4 20. Qd3 Rf5 21. Rxe6 Rxg5 22. hxg5 fxg3 23. fxg3 Qxg5 24. Rg6 Qe7 25. a3 Ba6 26. Qe4 Qf7 27. Rg5 Bb7 28. Qe5 Rc7 29. Rf5 Nf6 30. Re1 Kf8 31. Qd6+ Kg8 32. Qd8+ Kh7 33. Qd6 Rd7 34. Qf4 Qg6 35. Ree5 Rxd4 36. Qxd4 Qxg3+ 37. Kf1 Ba6+ 38. Rb5 Qh3+ 39. Kf2 Qh2+ 40. Ke1 Qh1+ 41. Ke2 Qg2+ 42. Qf2 Qg6 43. Kd2 Bxb5 44. Rxb5 Nd7 45. Rd5 Ne5 46. Qe2 Qg5+ 47. Kc3 Qc1+ 48. Kb3 b5 49. Rxe5 1-0

[Event "Krakow Malopolski Cup"]
[Site "Krakow"]
[Date "2022.08.05"]
[Round "3"]
[White "Fizerova, Lucie"]
[Black "Bratajit, Mukherjee"]
[Result "1/2-1/2"]
[WhiteElo "1679"]
[BlackElo "1773"]
[PlyCount "83"]
[EventDate "2022.08.04"]
[EventType "swiss"]
[EventRounds "9"]
[EventCountry "POL"]
[SourceTitle "CBM 209 Extra"]
[Source "ChessBase"]
[SourceDate "2022.09.30"]
[SourceVersion "1"]
[SourceVersionDate "2022.09.30"]
[SourceQuality "1"]

1. c4 e5 2. Nc3 Nc6 3. g3 g6 4. Bg2 Nge7 5. e4 Bg7 6. Nge2 0-0 7. 0-0 d6 8. d3 Be6 9. h3 Qd7 10. Kh2 f5 11. f4 Rab8 12. Be3 a6 13. a4 Nd4 14. Rb1 Nec6 15. b3 Kh8 16. Qd2 Rbe8 17. b4 Nxe2 18. Nxe2 fxe4 19. dxe4 Bxc4 20. Rfc1 Bxe2 21. Qxe2 Nd4 22. Qd3 Rf7 23. b5 axb5 24. axb5 Ra8 25. Rb2 Ne6 26. Rf2 exf4 27. gxf4 Raf8 28. f5 gxf5 29. exf5 Be5+ 30. Kh1 Ng7 31. Be4 d5 32. Qxd5 Qxd5 33. Bxd5 Rxf5 34. Rxf5 Nxf5 35. Bc5 Rd8 36. Bxb7 Rd2 37. Re1 Bf4 38. Bb4 Rc2 39. Bd5 Ng3+ 40. Kg1 Ne2+ 41. Kh1 Ng3+ 42. Kg1 1/2-1/2

[Event "Krakow Malopolski Cup"]
[Site "Krakow"]
[Date "2022.08.04"]
[Round "1"]
[White "Fizerova, Lucie"]
[Black "Darda, Roman"]
[Result "1/2-1/2"]
[WhiteElo "1679"]
[BlackElo "1955"]
[PlyCount "138"]
[EventDate "2022.08.04"]
[EventType "swiss"]
[EventRounds "9"]
[EventCountry "POL"]
[SourceTitle "CBM 209 Extra"]
[Source "ChessBase"]
[SourceDate "2022.09.30"]
[SourceVersion "1"]
[SourceVersionDate "2022.09.30"]
[SourceQuality "1"]

1. c4 f5 2. d4 Nf6 3. g3 g6 4. Bg2 Bg7 5. Nf3 0-0 6. h4 d6 7. Bg5 Ne4 8. Qc1 Nxg5 9. Nxg5 c6 10. h5 h6 11. hxg6 hxg5 12. Qxg5 e5 13. Qh5 Re8 14. d5 Qf6 15. Nc3 Kf8 16. Rd1 c5 17. g4 Ke7 18. g5 Qf8 19. Bh3 Na6 20. a3 Nc7 21. e4 f4 22. Bxc8 Raxc8 23. Qg4 Kd8 24. Rd3 Qe7 25. Rh7 Rg8 26. Rdh3 Ne8 27. f3 Qd7 28. Qg2 Nc7 29. a4 Qe8 30. Qg4 Qd7 31. Qh5 Ke7 32. Qh4 Rcf8 33. b3 Qe8 34. Qg4 Qd7 35. Qh4 Kd8 36. Nd1 Qe8 37. Qh5 Rh8 38. Nf2 Rxh7 39. gxh7 Qxh5 40. Rxh5 Ke7 41. g6 Kf6 42. Rf5+ Ke7 43. Ng4 Ne8 44. Kf2 Rxf5 45. exf5 Nf6 46. Nh6 Nh5 47. Nf7 Ng3 48. h8Q Bxh8 49. Nxh8 Nxf5 50. Nf7 b6 51. Ng5 Kf6 52. Ne4+ Kxg6 53. Kg2 Kf7 54. Kh3 Ke7 55. Nd2 a6 56. Kg4 Nd4 57. Kh3 b5 58. cxb5 axb5 59. a5 Kd7 60. Ne4 Nxb3 61. a6 Kc7 62. Nxd6 Kb6 63. Nxb5 c4 64. a7 Kb7 65. d6 Nc5 66. Kg4 e4 67. Kxf4 c3 68. Nxc3 exf3 69. Kxf3 Kxa7 1/2-1/2

[Event "Piestany Slovakia op-B"]
[Site "Piestany"]
[Date "2022.07.16"]
[Round "7"]
[White "Fizerova, Lucie"]
[Black "Frundina, Yelyzaveta"]
[Result "1/2-1/2"]
[WhiteElo "1651"]
[BlackElo "1608"]
[PlyCount "100"]
[EventDate "2022.07.11"]
[EventType "swiss"]
[EventRounds "9"]
[EventCountry "SVK"]
[SourceTitle "CBM 209 Extra"]
[Source "ChessBase"]
[SourceDate "2022.09.30"]
[SourceVersion "1"]
[SourceVersionDate "2022.09.30"]
[SourceQuality "1"]

1. e4 c5 2. Nf3 d6 3. c4 e6 4. Nc3 Nc6 5. d4 cxd4 6. Nxd4 a6 7. Be2 Nf6 8. Be3 Be7 9. 0-0 0-0 10. f4 e5 11. Nxc6 bxc6 12. f5 Bb7 13. Bf3 Rb8 14. b3 Qa5 15. Na4 Ba8 16. Bd2 Qd8 17. Qe1 Re8 18. Qg3 d5 19. Bh6 Bf8 20. Rad1 d4 21. Rd3 Kh8 22. Bg5 c5 23. Re1 Bc6 24. Nb2 a5 25. Nd1 a4 26. Nf2 Qd6 27. Qh4 axb3 28. axb3 Rb7 29. Bd1 h6 30. g4 Nh7 31. Bd2 Qf6 32. Qg3 Ng5 33. h4 Nh7 34. g5 Qd6 35. Kh2 Be7 36. gxh6 gxh6 37. Rg1 Qf6 38. Kh3 Rbb8 39. Ng4 Rg8 40. Qf2 Rxg4 41. Rxg4 Rg8 42. Rdg3 Rxg4 43. Rxg4 h5 44. Rg5 Nxg5+ 45. Bxg5 Qd6 46. Bxe7 Qxe7 47. Qf3 f6 48. Qxh5+ Qh7 49. Qxh7+ Kxh7 50. Bc2 Kh6 1/2-1/2

[Event "CZE-ch U16 Girls"]
[Site "Luhacovice"]
[Date "2022.03.19"]
[Round "9"]
[White "Blazeninova, Anna"]
[Black "Fizerova, Lucie"]
[Result "0-1"]
[WhiteElo "1602"]
[BlackElo "1804"]
[PlyCount "70"]
[EventDate "2022.03.12"]
[EventType "swiss"]
[EventRounds "9"]
[EventCountry "CZE"]
[SourceTitle "EXT 2023"]
[Source "ChessBase"]
[SourceDate "2022.10.05"]
[SourceVersion "1"]
[SourceVersionDate "2022.10.05"]
[SourceQuality "1"]

1. e4 c5 2. Nf3 d6 3. d4 cxd4 4. Nxd4 Nf6 5. Nc3 Nc6 6. Be3 e5 7. Nxc6 bxc6 8. h3 Be7 9. Bc4 0-0 10. 0-0 Nxe4 11. Be2 Nxc3 12. bxc3 d5 13. Rb1 f5 14. f4 e4 15. c4 Bf6 16. Bd4 Be6 17. cxd5 Qxd5 18. Bxf6 Rxf6 19. Qxd5 cxd5 20. Rfc1 d4 21. Bf1 Bxa2 22. Rb4 Rd6 23. Bc4+ Bxc4 24. Rxc4 a5 25. Rd1 Rad8 26. Rc5 Rd5 27. Rxd5 Rxd5 28. c3 d3 29. Kf2 Rc5 30. Ra1 h6 31. Ke3 g5 32. fxg5 hxg5 33. Kd4 Rc8 34. Rxa5 d2 35. Ra1 Rd8+ 0-1

[Event "CZE-ch U16 Girls"]
[Site "Luhacovice"]
[Date "2022.03.14"]
[Round "4"]
[White "Fizerova, Lucie"]
[Black "Macova, Marketa"]
[Result "1-0"]
[WhiteElo "1804"]
[BlackElo "1224"]
[PlyCount "97"]
[EventDate "2022.03.12"]
[EventType "swiss"]
[EventRounds "9"]
[EventCountry "CZE"]
[SourceTitle "EXT 2023"]
[Source "ChessBase"]
[SourceDate "2022.10.05"]
[SourceVersion "1"]
[SourceVersionDate "2022.10.05"]
[SourceQuality "1"]

1. e4 e5 2. Nf3 Nf6 3. Nxe5 d6 4. Nf3 Nxe4 5. Nc3 Nxc3 6. dxc3 Nc6 7. Be3 Bg4 8. Be2 Bc8 9. Bf1 Bg4 10. Be2 Be7 11. Qd2 Qd7 12. 0-0-0 0-0-0 13. h3 Be6 14. Bb5 a6 15. Ba4 Rhe8 16. Kb1 Kb8 17. Nd4 Bd5 18. Nxc6+ Bxc6 19. Qd4 b6 20. Bxc6 Qxc6 21. Qxg7 Rf8 22. g4 Qe4 23. Rhe1 Qg6 24. Qxg6 fxg6 25. Bxb6 Bh4 26. Bd4 Bxf2 27. Re7 h5 28. Rg7 hxg4 29. hxg4 Bxd4 30. cxd4 Rg8 31. Rxg8 Rxg8 32. c3 Kb7 33. Rf1 Kb6 34. Rf7 a5 35. Kc2 c6 36. Rd7 d5 37. Kd3 Rb8 38. Rg7 c5 39. Rxg6+ Kb5 40. Rd6 c4+ 41. Kc2 Rg8 42. Rxd5+ Kb6 43. Rc5 Rxg4 44. Rxc4 Rg2+ 45. Kb3 Rd2 46. a4 Ka6 47. Rc5 Kb6 48. Rb5+ Ka6 49. Kc4 1-0